Statistiken für Alle Landkreise Bayerns - All districts of Bavaria

Klicken Sie hier um das Quiz zu spielen!

Allgemein

  • Dieses Quiz wurde 114 mal gespielt
  • Das Durchschnittsergebnis liegt bei 61 aus 96

Antwortstatistiken

Einwohner
Inhabitants
Antwort% Korrekt
346.400München
100%
77.500Regen
93%
1.456.000Stadt München
93%
515.200Stadt Nürnberg
93%
102.800Amberg-Sulzbach
91%
116.200Fürth
89%
192.200Regensburg
89%
249.800Augsburg
87%
161.300Würzburg
87%
146.600Bamberg
85%
157.200Landshut
84%
190.500Passau
84%
259.500Rosenheim
83%
135.300Erlangen-Höchstadt
82%
95.800Hof
82%
150.900Stadt Regensburg
82%
174.000Aschaffenburg
80%
103.800Bayreuth
79%
42.200Stadt Amberg
79%
126.600Stadt Würzburg
79%
172.500Neu-Ulm
78%
292.900Stadt Augsburg
78%
135.200Stadt Ingolstadt
78%
152.700Dachau
77%
136.900Erding
77%
178.00Freising
77%
77.200Stadt Bamberg
77%
126.500Stadt Fürth
77%
105.100Berchtesgadener Land
76%
127.300Cham
76%
154.600Oberallgäu
76%
115.100Schweinfurt
74%
71.200Stadt Landshut
74%
86.900Coburg
73%
73.500Stadt Bayreuth
73%
45.900Stadt Hof
73%
51.800Stadt Passau
73%
183.300Ansbach
71%
63.100Stadt Rosenheim
71%
118.700Deggendorf
70%
81.100Lindau
70%
69.900Stadt Aschaffenburg
70%
111.000Stadt Erlangen
70%
103.800Bad Kissingen
67%
126.600Bad Tölz-Wolfratshausen
67%
139.300Ostallgäu
67%
142.500Unterallgäu
67%
53.400Stadt Schweinfurt
66%
99.600Neustadt an der Aisch-Bad Windsheim
65%
41.200Stadt Coburg
65%
217.800Fürstenfeldbruck
63%
126.100Roth
63%
88.200Garmisch-Partenkirchen
62%
47.600Stadt Straubing
62%
135.600Starnberg
62%
132.600Neumarkt in der Oberpfalz
61%
41.700Stadt Ansbach
61%
90.400Kitzingen
60%
176.300Traunstein
60%
110.300Altötting
57%
72.000Kulmbach
57%
68.300Stadt Kempten (Allgäu)
57%
43.500Stadt Memmingen
57%
128.500Miltenberg
56%
43.500Stadt Kaufbeuren
56%
72.700Tirschenreuth
55%
131.600Eichstätt
54%
66.800Lichtenfels
54%
124.500Günzburg
52%
126.500Main-Spessart
52%
99.200Miesbach
52%
121.100Kelheim
51%
42.500Stadt Weiden in der Oberpfalz
51%
133.000Donau-Ries
50%
140.800Ebersberg
50%
40.800Stadt Schwabach
50%
115.700Forchheim
49%
78.300Freyung-Grafenau
49%
67.500Kronach
49%
96.200Neuburg-Schrobenhausen
49%
120.400Rottal-Inn
49%
146.500Schwandorf
48%
132.600Aichach-Friedberg
46%
84.500Haßberge
45%
119.100Landsberg am Lech
44%
79.800Rhön-Grabfeld
41%
126.200Pfaffenhofen an der Ilm
37%
95.200Dillingen an der Donau
35%
95.800Dingolfing-Landau
35%
134.300Weilheim-Schongau
33%
94.200Weißenburg-Gunzenhausen
33%
114.500Mühldorf am Inn
30%
73.500Wunsiedel im Fichtelgebirge
28%
169.800Nürnberger Land
24%
94.500Neustadt an der Waldnaab
21%
99.800Straubing-Bogen
17%

Verteilung der Resultate

Perzentil nach korrekt beantworteten Fragen

Anzahl Personen mit jedem Resultat

Ihre Resultats-Entwicklung

Sie haben dieses Quiz noch nicht gespielt